000 00535nam a2200205Ia 4500
003 OSt
005 20220926045428.0
006 a|||||r|||| 00| 0
007 ta
008 220923b |||||||| |||| 00| 0 eng d
037 _cGeneral Book
040 _aRTL
_cRTL
_beng
041 _2eng
_aeng
082 _aYb4:(R4), L9
100 _aBarnes J. A.
245 0 _aWho Should know what?
_b Social Science, privacy & e
260 _c1979
942 _hYb4:(R4), L9
_cGB
_2CC
999 _c677591
_d677591